000 00598nam a2200193Ia 4500
003 GCL
008 140319s9999 xx 000 0 ara d
040 _aGCL /
_cGCL
082 0 4 _a809
_bت ا
100 1 _aتيجم، فان
245 1 0 _aالادب المقارن /
_cتيجم، فان
260 _aالقاهرة :
_bدار الفكر العربى
300 _a226 ص ؛
_c19 سم
490 _aدائرة المعارف الادبية العالمية
_v1
650 0 4 _aالادب
650 0 4 _aالادب - تاريخ ونقد
650 0 4 _aالادب المقارن
942 _2ddc
_cBK
999 _c47523
_d47523